000 00423nam a2200145Ia 4500
008 231129s1991||||xx |||||||||||||| ||spa||
020 _a958-607-414-5
040 _bspa
082 _a616.0194 P397l
100 _aPeñaloza Rojas José H.
245 0 _aLo esencial sobre el sida: Para profesionales de la salud
260 _c1991
264 _aEdiciones Paulinas
942 _2ddc
_cBKS
999 _c19367
_d19367